| 000 | 00723nam a2200217 a 4500 | ||
|---|---|---|---|
| 005 | 20230809063532.0 | ||
| 008 | 991125s1989 mx 000 0 spa u | ||
| 020 | _a9684271557 | ||
| 035 | _aUPN01000041769 | ||
| 049 | _aCG | ||
| 050 | 4 |
_aE183.8 M6 _bN8.4 |
|
| 245 | 0 | 0 |
_aNuestra frontera norte : _btan cerca de los EU / _ccoord. Alejandra Salas Porras Soule. |
| 260 |
_aMéxico : _bNuestro Tiempo, _c1989. |
||
| 300 | _a172 p. | ||
| 440 | 0 | _aEstudios regionales | |
| 651 | 4 |
_aMEXICO - _xLIMITES - _zESTADOS UNIDOS _910543 |
|
| 650 | 4 |
_aMexicanos en los Estados Unidos _94447 |
|
| 651 | 4 |
_aMéxico _xRelaciones exteriores _zEstados Unidos _96689 |
|
| 700 | 1 |
_aSalas-Porras Soule, Alejandra, _ecoord. _939147 |
|
| 905 | _aLibro | ||
| 999 |
_c41769 _d41769 |
||